Основные типы пород доюрского комплекса и оценка перспектив их нефтегазоносности в пределах Пыль-Караминского мегавала; Проблемы геологии и освоения недр; Т. 2

Detaylı Bibliyografya
Parent link:Проблемы геологии и освоения недр: труды X Международного симпозиума имени академика М. А. Усова студентов и молодых ученых, посвященного 100-летию первого выпуска сибирских инженеров и 110-летию основания ТПУ; г. Томск, 3-8 апреля 2006 г./ Томский политехнический университет (ТПУ); Институт геологии и нефтегазового дела; под ред. В. А. Домаренко.— , 2007
Т. 2.— 2007.— С. 20-22
Yazar: Гашилова О. А.
Diğer Yazarlar: Гайдукова Т. А. (научный руководитель)
Dil:Rusça
Baskı/Yayın Bilgisi: 2007
Konular:
Materyal Türü: Kitap Bölümü
KOHA link:https://koha.lib.tpu.ru/cgi-bin/koha/opac-detail.pl?biblionumber=126811

MARC

LEADER 00000naa2a2200000 4500
001 126811
005 20231031132022.0
035 |a (RuTPU)RU\TPU\book\137176 
090 |a 126811 
100 |a 20071204d2007 k y0rusy50 ca 
101 0 |a rus 
102 |a RU 
200 1 |a Основные типы пород доюрского комплекса и оценка перспектив их нефтегазоносности в пределах Пыль-Караминского мегавала  |f О. А. Гашилова  |g науч. рук. Т. А. Гайдукова 
320 |a Библиогр.: 2 назв. 
461 0 |0 (RuTPU)RU\TPU\book\132777  |t Проблемы геологии и освоения недр  |o труды X Международного симпозиума имени академика М. А. Усова студентов и молодых ученых, посвященного 100-летию первого выпуска сибирских инженеров и 110-летию основания ТПУ; г. Томск, 3-8 апреля 2006 г.  |f Томский политехнический университет (ТПУ); Институт геологии и нефтегазового дела; под ред. В. А. Домаренко  |d 2007 
463 0 |0 (RuTPU)RU\TPU\book\132380  |t Т. 2  |v С. 20-22  |d 2007  |p 222 с. 
610 1 |a типы пород 
610 1 |a доюрский комплекс 
610 1 |a оценка 
610 1 |a нефтегазоносность 
610 1 |a Пыль-Караминский мегавал 
610 1 |a труды учёных ТПУ 
700 1 |a Гашилова  |b О. А. 
702 1 |a Гайдукова  |b Т. А.  |4 727 
801 1 |a RU  |b 63413507  |c 20071204  |g PSBO 
801 2 |a RU  |b 63413507  |c 20110609  |g RCR 
942 |c BK